Kfz-Kennzeichen NRW - Statistiken

Allgemein
  • Dieses Quiz wurde 336 mal gespielt
    211 seit der letzten Aktualisierung
  • Das Durchschnittsergebnis liegt bei 52 aus 80
Antwortstatistiken
Kennzeichen Stadt % Korrekt
AC Aachen
98%
D Düsseldorf
89%
DO Dortmund
88%
K Köln
88%
LEV Leverkusen
88%
DU Duisburg
87%
E Essen
87%
GE Gelsenkirchen
86%
BN Bonn
84%
BOT Bottrop
84%
HAM Hamm
84%
LIP Lippe
84%
BI Bielefeld
83%
BO Bochum
83%
EU Euskirchen
82%
KLE Kleve
82%
KR Krefeld
81%
OB Oberhausen
81%
PB Paderborn
81%
SI Siegen
81%
W Wuppertal
80%
RE Recklinghausen
79%
JÜL Jülich
78%
UN Unna
78%
COE Coesfeld
77%
MG Mönchengladbach
77%
MS Münster
77%
WIT Witten
76%
DIN Dinslaken
74%
NE Neuss
74%
HER Herne
73%
VIE Viersen
73%
CAS Castrop
71%
HSK Hochsauerlandkreis
71%
SO Soest
71%
BOR Borken
70%
HX Höxter
69%
LÜN Lünen
69%
MI Minden
69%
EN Ennepe
68%
GLA Gladbeck
67%
GT Gütersloh
67%
LP Lippstadt
66%
RS Remscheid
66%
ME Mettmann
64%
WES Wesel
64%
HA Hagen
63%
ERK Erkelenz
62%
MK Märkischer Kreis
61%
DN Düren
60%
OE Olpe
60%
WAT Wattenscheid
60%
HF Herford
59%
AH Ahaus
57%
MH Mülheim
57%
SG Solingen
57%
WAN Wanne
57%
BOH Bocholt
53%
GM Gummersbach
53%
MO Moers
52%
WAF Warendorf
52%
GEL Geldern
50%
ST Steinfurt
50%
BM Bergheim
49%
BÜR Büren
49%
HS Heinsberg
47%
MON Monschau
47%
GV Grevenbroich
46%
OP Opladen
41%
SU Siegburg
40%
BE Beckum
39%
GL Bergisch Gladbach
39%
GK Geilenkirchen
35%
TE Tecklenburg
34%
WAR Warburg
33%
BLB Berleburg
29%
SLE Schleiden
29%
KK Kempen-Krefeld
28%
LH Lüdinghausen
25%
BF Burgsteinfurt
23%
Keine übereinstimmenden Quizze gefunden
Verteilung der Resultate
Anzahl Personen mit jedem Resultat
Perzentil nach korrekt beantworteten Fragen
Ihre Resultats-Entwicklung
Sie haben dieses Quiz seit der letzten Aktualisierung nicht gespielt